| 000 | 00552nam a2200193 i 4500 | ||
|---|---|---|---|
| 001 | 134978 | ||
| 003 | ES-MaACL | ||
| 005 | 20230906194801.0 | ||
| 007 | t| | ||
| 008 | 070704s1969 sp ||||1| spa d | ||
| 080 | _a234.2 | ||
| 100 | 1 |
_aTilmann, Klemens. _9110278 |
|
| 245 | 1 | 0 |
_aCómo dialogar sobre la fe / _cKlemens Tilmann ; [versión de Eloy Requena Calvo]. |
| 260 |
_aBarcelona : _bHerder, _c1969. |
||
| 300 |
_a208 p. ; _c20 cm. |
||
| 650 | 1 | 4 |
_aFe. _912734 |
| 700 | 1 |
_aRequena Calvo, Eloy. _996297 |
|
| 852 |
_aES-MaACL _jC-50933 _bR.70421 |
||
| 999 |
_c134978 _d134978 |
||